| 000 | 00554nam a2200193Ia 4500 | ||
|---|---|---|---|
| 003 | GCL | ||
| 008 | 140319s9999 xx 000 0 eng d | ||
| 040 |
_aGCL / _cGCL |
||
| 082 | 0 | 4 |
_a841 _bC T |
| 100 | 1 | _aCHARPENTREAU, JACQUES | |
| 245 | 1 | 0 |
_aTRESOR DE LA POESIE FRANCAISE ( V.1 ) MOYEN AGES XVI ET XVII SIECLES / _cCHARPENTREAU, JACQUES |
| 260 |
_a[S.N] : _bHACHETTE JEUNESSE ، _c1993 |
||
| 300 | _a321 P | ||
| 490 |
_aLE LIVRE DE POCHE _v0 |
||
| 650 | 0 | 4 | _aLITERATURE |
| 650 | 0 | 4 | _aFRENCH POETRY |
| 650 | 0 | 4 | _aFRENCH LITERATURE |
| 942 |
_2ddc _cBK |
||
| 999 |
_c16191 _d16191 |
||